Алгоритмы интеллектуальной обработки информации и структурного синтеза программ: диссертация на соискание ученой степени кандидата технических наук; спец. 05.13.01

Detalhes bibliográficos
Autor principal: Пинжин А. Е. Алексей Евгеньевич
Autor Corporativo: Томский политехнический университет (ТПУ)
Outros Autores: Новосельцев В. Б. Виталий Борисович (научный руководитель)
Resumo:Защищена 21.01.2010 г.
Idioma:russo
Publicado em: Томск, 2009
Assuntos:
Formato: Livro
KOHA link:https://koha.lib.tpu.ru/cgi-bin/koha/opac-detail.pl?biblionumber=174254

MARC

LEADER 00000nbm0a2200000 4500
001 174254
005 20231101223140.0
035 |a (RuTPU)RU\TPU\book\188968 
035 |a RU\TPU\book\188966 
090 |a 174254 
100 |a 20100126j20100121k y0rusy50 ca 
101 0 |a rus 
102 |a RU 
105 |a a m 001zy 
200 1 |a Алгоритмы интеллектуальной обработки информации и структурного синтеза программ  |e диссертация на соискание ученой степени кандидата технических наук  |e спец. 05.13.01  |f А. Е. Пинжин  |g Томский политехнический университет (ТПУ) ; науч. рук. В. Б. Новосельцев 
210 |a Томск  |d 2009 
215 |a 115 л.  |c ил. 
300 |a Защищена 21.01.2010 г. 
320 |a Библиогр.: с. 86-91 (62 назв.). 
320 |a Список сокращений: с. 92. 
606 1 |a Интеллектуальные системы  |2 stltpush  |3 (RuTPU)RU\TPU\subj\12806  |9 39523 
606 1 |a Программирование логическое  |2 stltpush  |3 (RuTPU)RU\TPU\subj\51781  |9 70346 
610 1 |a программы 
610 1 |a синтез 
610 1 |a планирование 
610 1 |a оценка 
610 1 |a логические исчисления 
610 1 |a языки программирования 
610 1 |a Пролог 
610 1 |a диссертации 
610 1 |a труды учёных ТПУ 
675 |a 681.51.015.26(04)  |v 3 
675 |a 681.3.06(04)  |v 3 
686 |a 05.13.01  |2 oksvnk 
700 1 |a Пинжин  |b А. Е.  |g Алексей Евгеньевич 
702 1 |a Новосельцев  |b В. Б.  |g Виталий Борисович  |4 727 
712 0 2 |a Томский политехнический университет (ТПУ)  |c (1991- )  |2 stltpush  |3 (RuTPU)RU\TPU\col\376 
801 1 |a RU  |b 63413507  |c 20100126 
801 2 |a RU  |b 63413507  |c 20100202  |g RCR 
942 |c BK